|
|
|
|
| LEADER |
01868nam a2200421 i 4500 |
| 001 |
EBC4816557 |
| 003 |
MiAaPQ |
| 005 |
20200520144314.0 |
| 006 |
m o d | |
| 007 |
cr cnu|||||||| |
| 008 |
170316t20172017flu ob 001 0 eng d |
| 020 |
|
|
|z 9781498765787
|
| 020 |
|
|
|a 9781498765794
|q (electronic bk.)
|
| 035 |
|
|
|a (MiAaPQ)EBC4816557
|
| 035 |
|
|
|a (Au-PeEL)EBL4816557
|
| 035 |
|
|
|a (CaPaEBR)ebr11355772
|
| 035 |
|
|
|a (CaONFJC)MIL996533
|
| 035 |
|
|
|a (OCoLC)974712085
|
| 040 |
|
|
|a MiAaPQ
|b eng
|e rda
|e pn
|c MiAaPQ
|d MiAaPQ
|
| 050 |
|
4 |
|a G156.5.B86
|b .G675 2017
|
| 082 |
0 |
|
|a 613.6
|2 23
|
| 100 |
1 |
|
|a Goslin, Charles E.,
|e author.
|
| 245 |
1 |
0 |
|a Understanding personal security and risk :
|b a guide for business travelers /
|c Charles E. Goslin.
|
| 264 |
|
1 |
|a Boca Raton, Florida ;
|a London, [England] ;
|a New York, [New York] :
|b CRC Press,
|c 2017.
|
| 264 |
|
4 |
|c 2017
|
| 300 |
|
|
|a 1 online resource (289 pages)
|
| 336 |
|
|
|a text
|2 rdacontent
|
| 337 |
|
|
|a computer
|2 rdamedia
|
| 338 |
|
|
|a online resource
|2 rdacarrier
|
| 504 |
|
|
|a Includes bibliographical references at the end of each chapters and index.
|
| 588 |
|
|
|a Description based on print version record.
|
| 590 |
|
|
|a Electronic reproduction. Ann Arbor, MI : ProQuest, 2016. Available via World Wide Web. Access may be limited to ProQuest affiliated libraries.
|
| 650 |
|
0 |
|a Business travel
|x Safety measures.
|
| 650 |
|
0 |
|a Businesspeople
|x Crimes against
|x Prevention.
|
| 655 |
|
4 |
|a Electronic books.
|
| 776 |
0 |
8 |
|i Print version:
|a Goslin, Charles E.
|t Understanding personal security and risk : a guide for business travelers.
|d Boca Raton, Florida ; London, [England] ; New York, [New York] : CRC Press, c2017
|h xxii, 266 pages
|z 9781498765787
|w 2016040414
|
| 797 |
2 |
|
|a ProQuest (Firm)
|
| 856 |
4 |
0 |
|u https://ebookcentral.proquest.com/lib/matrademy/detail.action?docID=4816557
|z Click to View
|